50 Most Common Surnames by Race (US) Quiz Stats

 Plays Quiz not verified by Sporcle

Challenge
Share
Tweet
Embed
Score 0/250 Timer 20:00
0 Plays Today
Race Name % Correct
BlackSmith
92.3%
Native AmericanSmith
92.3%
WhiteSmith
92.3%
BlackJohnson
86.6%
Native AmericanJohnson
86.6%
WhiteJohnson
86.6%
Native AmericanJohn
85.2%
Asian and Pacific IslanderLe
81.2%
BlackJones
80.7%
Native AmericanJones
80.7%
WhiteJones
80.7%
BlackWhite
79.7%
Native AmericanWhite
79.7%
WhiteWhite
79.7%
BlackBrown
79.3%
Native AmericanBrown
79.3%
WhiteBrown
79.3%
Asian and Pacific IslanderLi
78.6%
BlackJackson
77.9%
Native AmericanJackson
77.9%
WhiteJackson
77.9%
BlackWilliams
76.7%
Native AmericanWilliams
76.7%
WhiteWilliams
76.7%
Asian and Pacific IslanderLee
75.9%
BlackLee
75.9%
Native AmericanLee
75.9%
WhiteLee
75.9%
BlackMartin
69.4%
Native AmericanMartin
69.4%
WhiteMartin
69.4%
BlackGreen
67.1%
WhiteGreen
67.1%
HispanicRodriguez
65.3%
HispanicMartinez
63.8%
Native AmericanMartinez
63.8%
Asian and Pacific IslanderChan
63.7%
HispanicLopez
63.1%
Native AmericanLopez
63.1%
HispanicHernandez
62.8%
Asian and Pacific IslanderHo
62.6%
BlackDavis
62.2%
Native AmericanDavis
62.2%
WhiteDavis
62.2%
BlackAnderson
61.6%
Native AmericanAnderson
61.6%
WhiteAnderson
61.6%
BlackThomas
60.9%
BlackMiller
60.9%
Native AmericanThomas
60.9%
Native AmericanMiller
60.9%
WhiteMiller
60.9%
WhiteThomas
60.9%
BlackWilson
60.8%
Native AmericanWilson
60.8%
WhiteWilson
60.8%
HispanicGarcia
60.6%
Native AmericanGarcia
60.6%
Asian and Pacific IslanderNg
59.6%
BlackWashington
58.1%
Asian and Pacific IslanderChang
57.8%
Native AmericanRoberts
57.5%
WhiteRoberts
57.5%
BlackJames
56.8%
Native AmericanJames
56.8%
BlackAdams
55.6%
Native AmericanAdams
55.6%
WhiteAdams
55.6%
BlackTaylor
55.1%
Native AmericanTaylor
55.1%
WhiteTaylor
55.1%
BlackCarter
54.8%
WhiteCarter
54.8%
Asian and Pacific IslanderPark
54.4%
Asian and Pacific IslanderLin
54%
Asian and Pacific IslanderWang
53.7%
BlackHarris
53.3%
Native AmericanHarris
53.3%
WhiteHarris
53.3%
BlackThompson
53.1%
Native AmericanThompson
53.1%
WhiteThompson
53.1%
HispanicGonzalez
52.1%
BlackYoung
52%
Race Name % Correct
Native AmericanYoung
52%
WhiteYoung
52%
Asian and Pacific IslanderDo
51.6%
Asian and Pacific IslanderCho
49.9%
BlackKing
49.7%
Native AmericanKing
49.7%
WhiteKing
49.7%
Asian and Pacific IslanderWong
49.2%
Asian and Pacific IslanderLu
48.7%
HispanicSanchez
48.3%
BlackLewis
47.9%
Native AmericanLewis
47.9%
WhiteLewis
47.9%
HispanicGomez
46.1%
BlackParker
46%
WhiteParker
46%
HispanicFernandez
45.5%
HispanicRamirez
45.4%
WhitePeterson
44.3%
Asian and Pacific IslanderNguyen
43.9%
Asian and Pacific IslanderKim
43.4%
Asian and Pacific IslanderChen
43.3%
BlackRichardson
42.9%
BlackHill
42.8%
Native AmericanHill
42.8%
WhiteHill
42.8%
HispanicPerez
42.7%
BlackRobinson
42.1%
WhiteRobinson
42.1%
Asian and Pacific IslanderChin
41.6%
BlackAllen
41.1%
Native AmericanAllen
41.1%
WhiteAllen
41.1%
BlackClark
40.4%
Native AmericanClark
40.4%
WhiteClark
40.4%
BlackMoore
40.3%
Native AmericanMoore
40.3%
WhiteMoore
40.3%
BlackEvans
39.7%
WhiteEvans
39.7%
Asian and Pacific IslanderChu
39.3%
Native AmericanBaker
39.2%
WhiteBaker
39.2%
BlackEdwards
38.6%
Asian and Pacific IslanderWu
37.4%
BlackHall
36.1%
Native AmericanHall
36.1%
WhiteHall
36.1%
Native AmericanPhillips
35.9%
WhitePhillips
35.9%
WhiteWood
35.9%
BlackWalker
35.7%
Native AmericanWalker
35.7%
WhiteWalker
35.7%
WhiteMorris
35%
Native AmericanNelson
33.8%
WhiteNelson
33.8%
BlackWright
32.7%
Native AmericanWright
32.7%
WhiteWright
32.7%
BlackScott
31.5%
Native AmericanScott
31.5%
WhiteScott
31.5%
WhiteRogers
31.5%
Asian and Pacific IslanderYang
30.9%
BlackHoward
30.5%
WhiteMurphy
30.5%
HispanicOrtiz
30.2%
Asian and Pacific IslanderChung
30%
HispanicDiaz
30%
HispanicCruz
30%
BlackTurner
29.8%
WhiteTurner
29.8%
Asian and Pacific IslanderYu
29.1%
WhiteCook
29.1%
WhiteCollins
29.1%
BlackHenderson
28.7%
BlackBell
28.3%
BlackSanders
28.3%
BlackMitchell
28.2%
Native AmericanMitchell
28.2%
WhiteMitchell
28.2%
Asian and Pacific IslanderLiu
28.1%
Race Name % Correct
BlackStewart
28.1%
HispanicTorres
28.1%
WhiteStewart
28.1%
Asian and Pacific IslanderCheng
27.7%
Native AmericanMorgan
27.5%
WhiteMorgan
27.5%
Asian and Pacific IslanderHong
27%
Native AmericanHunt
26.7%
Asian and Pacific IslanderZhang
26.4%
BlackCampbell
26.2%
HispanicGonzales
26.2%
WhiteCampbell
26.2%
Asian and Pacific IslanderPatel
26.1%
HispanicRivera
25.8%
HispanicAlvarez
25.8%
HispanicJimenez
25.5%
Asian and Pacific IslanderTang
25%
HispanicReyes
24.7%
HispanicFlores
24%
HispanicCastro
24%
HispanicRuiz
23.5%
HispanicGutierrez
23.3%
HispanicChavez
22.7%
Asian and Pacific IslanderSingh
22.1%
HispanicVasquez
21.7%
Asian and Pacific IslanderHuang
20.9%
BlackSimmons
20%
Asian and Pacific IslanderLam
19.4%
BlackBrooks
19.3%
BlackJenkins
18.8%
HispanicRamos
18.8%
HispanicMorales
18.5%
Native AmericanJacobs
18.2%
HispanicMoreno
18.1%
Asian and Pacific IslanderLy
17.5%
Asian and Pacific IslanderChoi
17.1%
Asian and Pacific IslanderTran
17%
HispanicRomero
16.5%
HispanicMendez
16.5%
HispanicValdez
16.5%
Asian and Pacific IslanderDang
16%
HispanicCastillo
15.9%
HispanicGuerrero
15.9%
BlackColeman
15.4%
HispanicDelgado
15.4%
HispanicMunoz
15.3%
Asian and Pacific IslanderKang
15.2%
Asian and Pacific IslanderLim
15.1%
Asian and Pacific IslanderKhan
15%
Asian and Pacific IslanderPhan
14.5%
Asian and Pacific IslanderVo
14.2%
HispanicHerrera
14.1%
Asian and Pacific IslanderVu
13.6%
HispanicSoto
12.4%
HispanicRios
12.2%
Asian and Pacific IslanderPham
12.1%
HispanicPena
11.9%
HispanicGarza
11.7%
Asian and Pacific IslanderNgo
11.2%
HispanicMendoza
11.1%
HispanicVargas
11%
Native AmericanYazzie
10.7%
Asian and Pacific IslanderVang
10.6%
HispanicAguilar
10.4%
HispanicSandoval
10.4%
Native AmericanBegay
10.4%
Native AmericanLocklear
10.4%
HispanicGuzman
9.9%
HispanicAlvarado
9.9%
HispanicContreras
9.7%
Asian and Pacific IslanderShah
9.3%
HispanicSalazar
9.2%
Asian and Pacific IslanderXiong
8.9%
Asian and Pacific IslanderTruong
8.2%
Asian and Pacific IslanderHuynh
7.8%
HispanicMedina
7.8%
Native AmericanTsosie
7%
Native AmericanChavis
7%
Asian and Pacific IslanderHoang
6.9%
Native AmericanNez
6.3%
Native AmericanOxendine
6%
Native AmericanBenally
5.9%

You're not logged in!

Compare scores with friends on all Sporcle quizzes.
Join for Free
OR
Log In

You Might Also Like...

Show Comments

Extras

Created Aug 1, 2012SourceReportNominate
Tags:common, race, surname, Top 50

Top Quizzes Today


Score Distribution

Your Account Isn't Verified!

In order to create a playlist on Sporcle, you need to verify the email address you used during registration. Go to your Sporcle Settings to finish the process.

Report this User

Report this user for behavior that violates our Community Guidelines.

Details: